000 00620nam a2200205 a 4500
005 20160308170042.0
008 140311b2002 ck ||||| |||| 00| 0 spa d
040 _aCO-BoIAVH
_cCO-BoIAVH
041 0 _aspa
044 _ack
082 0 4 _a333.95416
_bF98f
110 2 _bFundación Zoológica de Cali
245 1 _aFundación zoológica de Cali
_b1981-2001 dos décadas de trasformaciones
260 _aCali
_bLa Fundación
_c2002?
300 _a29 paginas.
_bilustraciones;
_c28 x 21 cm.
650 4 _aConservación.
650 4 _aInvestigacion.
662 _aColombia
_dCali
942 _cLIBRO
_2ddc
999 _c3563
_d3563